Márgenes e instituciones: arte en Chile desde 1973
Uloženo v:
| Hlavní autor: | |
|---|---|
| Médium: | Kniha |
| Jazyk: | španělština |
| Vydáno: |
Santiago
Metales Pesados
2014
|
| Vydání: | 3a. ed |
| Edice: | Documento FLACSO, 46
|
| Témata: | |
| Tagy: |
Přidat tag
Žádné tagy, Buďte první, kdo vytvoří štítek k tomuto záznamu!
|
MARC
| LEADER | 00000cam a2200000 a 4500 | ||
|---|---|---|---|
| 001 | UCC7046 | ||
| 003 | CL-VaPUC | ||
| 008 | 190125e20140000cl |||||||||||||||||spa|d | ||
| 020 | |a 9789568415112 | ||
| 082 | 0 | 4 | |a 709.83 |b RIC |2 21 |
| 100 | 0 | |a Richard, Nelly |e author |9 601594 | |
| 245 | 1 | 0 | |a Márgenes e instituciones: arte en Chile desde 1973 |
| 250 | |a 3a. ed | ||
| 300 | |a 199 p | ||
| 942 | |c BK | ||
| 945 | |d 20190125 15:54:00 |a dcastane | ||
| 260 | |a Santiago |b Metales Pesados |c 2014 | ||
| 650 | 0 | |a Arte chileno |9 369871 | |
| 650 | 0 | |a Pintura chilena |9 266171 | |
| 650 | 0 | |a Arte comercial |9 345354 | |
| 650 | 7 | |a EXPOSICIONES CULTURALES |2 CL-VaPUC |9 601595 | |
| 583 | |a last modification |c 20190125 15:54:00 |k Rodrigo Vera | ||
| 490 | 0 | |a Documento FLACSO, 46 | |
| 999 | |c 373838 |d 373836 | ||
| 952 | |0 0 |1 0 |3 erb |4 0 |6 709_830000000000000_RIC_2014 |7 0 |8 A |9 492081 |a FDOPOS |b BIBEDU |i 5532639 |l 4 |o 709.83 RIC 2014 |p 5532639 |r 2025-01-22 |s 2024-10-17 |w 2019-11-24 |y BK |z Catalogado en:20190125 |k DLH | ||